Normal view MARC view
  • Geology.

Entry Topical Term

Number of records used in: 1

001 - CONTROL NUMBER

  • control field: 28240

003 - CONTROL NUMBER IDENTIFIER

  • control field: NUST

005 - DATE AND TIME OF LATEST TRANSACTION

  • control field: 20200131145850.0

008 - FIXED-LENGTH DATA ELEMENTS

  • fixed length control field: 200131|| aca||aabn | a|a d

040 ## - CATALOGING SOURCE

  • Original cataloging agency: NUST
  • Transcribing agency: NUST

150 ## - HEADING--TOPICAL TERM

  • Topical term or geographic name entry element: Geology.

670 ## - SOURCE DATA FOUND

  • Source citation: Work cat.: (NUST)0: Monroe, James S. (James Stewart), 1938- 28239, Essentials of geology /, c2002.
© 2023 Central Library, National University of Sciences and Technology. All Rights Reserved.